000 00753nam a2200193 a 4500
003 0
005 20250619124544.0
008 021125s19uu xx 00 eng d
050 _aPHS LB 3609
_b.S65 2000
100 _aSolidum, Carlene.
245 _aA Study of the cheating practices of high school students of Southville International School school year 1999-2000 /
_cCarlene Solidum.
260 _aLas PiƱas City, Philippines :
_bSouthville Internationak School and Colleges,
_c2000.
300 _a34 pages :
_billustrations ;
_c28 cm.
504 _aIncludes bibliographical references.
650 _aCheating (Education)
_zPhilippines.
650 _aAcademic dishonesty
_zPhilippines.
650 _aStudent ethics
_zPhilippines.
942 _2lcc
_cPASS
999 _c96370
_d96370